Scandinavia's monetary convergence with the European Community.

Pred podpísaním dohody o Spoločnom európskom trhu krajinami Európskeho združenia voľného obchodu (EZVO) a Európskymi spoločenstvami, traja členovia EZVO - Nórsko, Fínsko a Švédsko sa rozhodli viazať svoju menu na ECU. Ciele, ktoré tým tieto krajiny sledujú. Analyzujú sa pravdepodobné dôsledky tohoto...

Full description

Saved in:
Bibliographic Details
Main Author: Duijm, B.
Other Authors: Nürk, B.
Format: Book Chapter
Language:English
Subjects:
Tags: Add Tag
No Tags, Be the first to tag this record!

MARC

LEADER 00000naa a2200000 4500
001 r008580
005 20221130112951.1
041 0 |a eng 
044 |a DE 
245 1 0 |a Scandinavia's monetary convergence with the European Community.  |c B. Duijm, B. Nürk 
520 |a Pred podpísaním dohody o Spoločnom európskom trhu krajinami Európskeho združenia voľného obchodu (EZVO) a Európskymi spoločenstvami, traja členovia EZVO - Nórsko, Fínsko a Švédsko sa rozhodli viazať svoju menu na ECU. Ciele, ktoré tým tieto krajiny sledujú. Analyzujú sa pravdepodobné dôsledky tohoto kroku pokiaľ ide o stabilizáciu obchodných vzťahov a prípravu členstva Škandinávskych krajín ES. 
610 2 0 |a zmluvy medzinárodné 
610 2 0 |a EZVO 
610 2 0 |a Európske spoločenstvá 
610 2 0 |a Nórsko 
610 2 0 |a Švédsko 
610 2 0 |a Fínsko 
610 2 0 |a mena 
610 2 0 |a trh medzinárodný 
610 2 0 |a ECU 
610 2 0 |a vzťahy hospodárske medzinárodné 
610 2 0 |a kurz menový 
100 1 |a Duijm, B. 
700 1 |a Nürk, B.